000 00658nam a2200289Ia 4500
005 20260324113838.0
008 008 260324s9999 xx 000 0 eng d
020 _a9781003225102
037 _aEBOOK
040 _aCRL
040 _beng
040 _cCRL
041 _2eng
041 _aeng
084 _qCRL
100 _aBridgit DAO
_91148410
245 4 _aThe Metaweb
245 4 _bThe Next Level of the Internet
260 _bTaylor and Francis
260 _c2023
365 _a
365 _b260
856 _uhttp://www.taylorfrancis.com/books/9781003225102
942 _cEBOOK
999 _c1738269
_d1738269